<The> Harmonization of choice of law rules of private international law in the European Union
Na minha lista:
| Autor principal: | |
|---|---|
| Outros Autores: | |
| Formato: | Capítulo de Livro |
| Idioma: | inglês |
| Tags: |
Sem tags, seja o primeiro a adicionar uma tag!
|
MARC
| LEADER | 00000nla a2200000 4500 | ||
|---|---|---|---|
| 001 | 0165951 | ||
| 005 | 20240502083406.1 | ||
| 041 | 0 | |a eng | |
| 044 | |a RU | ||
| 245 | 1 | 0 | |a <The> Harmonization of choice of law rules of private international law in the European Union |c Lucia Hurná, Halina Martyniv |
| 100 | 1 | |a Hurná, Lucia, 1978- | |
| 700 | 1 | |a Martyniv, Halina | |